WWE WrestleMania XXVI Match Card - Statistics

General Stats
  • This quiz has been taken 23 times
  • The average score is 46 of 65
Answer Stats
Match type Wrestler % Correct
Tag team Big Show
94%
Triple threat Cody Rhodes
94%
Singles John Cena
94%
10-Diva tag team Michelle McCool
94%
Triple threat Randy Orton
94%
No Disqualification Shawn Michaels
94%
Triple threat Ted DiBiase Jr.
94%
Tag team The Miz
94%
No Disqualification The Undertaker
94%
Singles Triple H
94%
Singles Chris Jericho
88%
Money in the Bank Christian
88%
Singles CM Punk
88%
Money in the Bank Jack Swagger
88%
Tag team John Morrison
88%
Money in the Bank Kane
88%
10-Diva tag team Layla
88%
No Holds Barred Lumberjack Mr. McMahon
88%
Tag team R-Truth
88%
Singles Sheamus
88%
Battle royal The Great Khali
88%
Singles Batista
81%
10-Diva tag team Beth Phoenix
81%
No Holds Barred Lumberjack Bret Hart
81%
Money in the Bank Drew McIntyre
81%
Singles Edge
81%
Money in the Bank Evan Bourne
81%
Battle royal Finlay
81%
10-Diva tag team Kelly Kelly
81%
Money in the Bank Kofi Kingston
81%
Battle royal Mark Henry
81%
Money in the Bank Matt Hardy
81%
Battle royal Primo
81%
Singles Rey Mysterio
81%
Money in the Bank Shelton Benjamin
81%
Battle royal Carlito
75%
Money in the Bank Dolph Ziggler
75%
10-Diva tag team Eve Torres
75%
10-Diva tag team Mickie James
75%
Money in the Bank MVP
75%
10-Diva tag team Vickie Guerrero
75%
10-Diva tag team Alicia Fox
69%
Battle royal Yoshi Tatsu
69%
10-Diva tag team Gail Kim
63%
Battle royal JTG
63%
Battle royal Zack Ryder
63%
Battle royal David Hart Smith
56%
Battle royal Goldust
56%
10-Diva tag team Maryse
56%
Battle royal Santino Marella
56%
Battle royal Tyson Kidd
56%
Battle royal Shad Gaspard
50%
Battle royal Vladimir Kozlov
50%
Battle royal William Regal
50%
Battle royal Chris Masters
44%
Battle royal Luke Gallows
44%
Battle royal Mike Knox
38%
Battle royal Tyler Reks
38%
Battle royal Caylen Croft
31%
Battle royal Slam Master J
31%
Battle royal Vance Archer
31%
Battle royal Jimmy Wang Yang
25%
Battle royal Kung Fu Naki
25%
Battle royal Trent Baretta
25%
Battle royal Hornswoggle
19%
No matching quizzes found
Score Distribution
Percent of People with Each Score
Percentile by Number Answered
Your Score History
You have not taken this quiz